1260 1232 1673 1195 1959 1889 1741 1472 1469 1686 1579 1307 1924 1238 1834 1829 1792 1591 1726 1597 1252 1321 1407 1809 1721 1434 1542 1554 1695 1869 1100 1623 1758 1357 2000 1168 1439 1244 1282 1723 1547 1303 1899 1554 1650 1122 1119 1642 1958 1361 1953 1208 1018 1238 1507 1303 1118 1142 1463 1610 1118 1863 1477 1115 1503 1392 1006 1847 1054 1324 1046 1615 1234 1181 1453 1810 1524 1810 1177 1436 1402 1135 1429 1432 1067 1044 1385 1277 1416 1316 1250 1441 1800 1775 1176 1657 1038 1987 1775 BCNSPRNW ULIB Ver.6.0+V

เปลี่ยนเป็นภาษาไทย

Change to English
 แสดงรายละเอียดบรรณานุกรม
  กลับหน้าหลัก

Brief Record : Get Marc (ISO 2709) : E-mail record : QR code < ปิดหน้าต่าง
LEADER : 00000nam 2200000uu 4500
001    13399110680
003     ULIB
008    110607s2545||||th 000 0 tha d
020    9749081560 (pbk.)
060 04 WT120^bค551p 2545
245 00 Aging Male II "Problems practice promotion preventionpostpone productivity" /^cบรรณาธิการ สายัณห์ สวัสดิ์ศรี ... [และคนอื่นๆ]
246 31 Problems practice promotion prevention postponeproductivity
250    พิมพ์ครั้งที่ 1
260    กรุงเทพฯ :^bบียอนด์ เอ็นเทอร์ไพรช์,^c2545
300    xvi, 436 หน้า :^bภาพประกอบ ;^c26 ซม.
500    การประชุมวิชาการ Aging Male ครั้งที่ 2 เรื่อง Problemspractice promotion prevention postpone productivity
650  7 วัยชรา^vการประชุม
650  7 ผู้สูงอายุ^vการประชุม
700 0  สายัณห์ สวัสดิ์ศรี,^eบรรณาธิการ
710 2  โรงพยาบาลพระมงกุฎเกล้า
711 2  การประชุมวิชาการ Aging Male^n(ครั้งที่ 2 :^d2545 :^cโรงพยาบาลพระมงกุฎเกล้า)
945    ^p450^l0^i024490
945    ^p450^l0^i017974
995    เกษร
999 ^a ใช้งานได้ทุกระบบ
รายการนี้ยังไม่มีแท็ก
คุณยังไม่ได้ล็อกอิน คุณสามารถมีกิจกรรมร่วมกับเว็บไซต์ได้ แต่ต้องล็อกอินก่อน ::
  ล็อกอิน

รายการสื่อสารสนเทศ

ลำดับที่ ประเภท เลขเรียก/บาร์โค้ด สถานที่ สถานะ
- ไม่พบข้อมูล -

BibComment


ยังไม่เคยถูกคอมเมนท์

คอมเมนท์ทรัพยากรรายการนี้
  คอมเมนท์: Aging Male II Pro..


 Copyright 2026. Bcnsprnw @Library